|
|
|
|
| LEADER |
00000nam2a2200000 4500 |
| 001 |
187336 |
| 005 |
20231101224046.0 |
| 010 |
|
|
|a 9785358047686
|
| 035 |
|
|
|a (RuTPU)RU\TPU\book\203275
|
| 035 |
|
|
|a RU\TPU\book\123850
|
| 090 |
|
|
|a 187336
|
| 100 |
|
|
|a 20070424d2008 m y0rusy50 ca
|
| 101 |
0 |
|
|a rus
|
| 102 |
|
|
|a RU
|
| 105 |
|
|
|a a j 001zy
|
| 200 |
0 |
|
|a Т. 1: Дифференциальное и интегральное исчисления функций одной переменной
|
| 210 |
|
|
|d 2008
|
| 215 |
|
|
|a 704 с.
|c ил.
|
| 320 |
|
|
|a Предметно-именной указатель: с. 685-694.
|
| 320 |
|
|
|a Указатель обозначений: с. 695-697.
|
| 330 |
|
|
|a В первом томе учебника излагаются традиционные разделы математического анализа: дифференциальное и интегральное исчисления функций одной переменной. Содержание этих разделов соответствует требованиям государственного образовательного стандарта по математике. Для студентов высших учебных заведений, обучающихся по математическим, естественно-научным и техническим направлениям и специальностям.
|
| 461 |
|
1 |
|0 (RuTPU)RU\TPU\book\212429
|y 978-5-358-04769-3
|t Курс математического анализа
|o учебник: в 3 т.
|f Л. Д. Кудрявцев
|v Т. 1: Дифференциальное и интегральное исчисления функций одной переменной
|e 7-е изд., стер.
|d 2008
|s Высшее образование: Современный учебник
|
| 606 |
1 |
|
|a Математический анализ
|2 stltpush
|3 (RuTPU)RU\TPU\subj\41236
|9 61042
|
| 610 |
1 |
|
|a высшая математика
|
| 610 |
1 |
|
|a дифференциальное исчисление
|
| 610 |
1 |
|
|a функции одной переменной
|
| 610 |
1 |
|
|a действительные числа
|
| 610 |
1 |
|
|a множества
|
| 610 |
1 |
|
|a числовые множества
|
| 610 |
1 |
|
|a пределы
|
| 610 |
1 |
|
|a предел последовательности
|
| 610 |
1 |
|
|a непрерывность
|
| 610 |
1 |
|
|a непрерывные функции
|
| 610 |
1 |
|
|a сравнение
|
| 610 |
1 |
|
|a вычисление
|
| 610 |
1 |
|
|a производные
|
| 610 |
1 |
|
|a дифференциалы
|
| 610 |
1 |
|
|a дифференциалы высших порядков
|
| 610 |
1 |
|
|a формула Тейлора
|
| 610 |
1 |
|
|a кривая
|
| 610 |
1 |
|
|a длина
|
| 610 |
1 |
|
|a кривизна
|
| 610 |
1 |
|
|a кручение
|
| 610 |
1 |
|
|a интегральное исчисление
|
| 610 |
1 |
|
|a комплексные числа
|
| 610 |
1 |
|
|a многочлены
|
| 610 |
1 |
|
|a рациональные дроби
|
| 610 |
1 |
|
|a интегрирование
|
| 610 |
1 |
|
|a иррациональные функции
|
| 610 |
1 |
|
|a трансцендентные функции
|
| 610 |
1 |
|
|a определенные интегралы
|
| 610 |
1 |
|
|a площади
|
| 610 |
1 |
|
|a вычисление
|
| 610 |
1 |
|
|a несобственные интегралы
|
| 610 |
1 |
|
|a учебники
|
| 801 |
|
1 |
|a RU
|b 63413507
|c 20101115
|
| 801 |
|
2 |
|a RU
|b 63413507
|c 20200826
|g RCR
|
| 900 |
|
|
|a Высшая математика
|
| 942 |
|
|
|c BK
|
| 952 |
|
|
|a 510000
|a 550000
|
| 959 |
|
|
|a 86/20101115
|d 1
|e 0
|f ЧЗТЛ:1
|